Statistiques concernant Paroles : Les sunlights des tropiques - Gilbert Montagné

Cliquez ici pour prendre le quiz!

Statistiques générales

  • Ce quiz a été pris 361 fois
    (338 depuis la dernière actualisation)
  • Le résultat moyen est 216 sur 263

Statistiques - réponses

Paroles % Correct
le
100%
(Sous
100%
le
100%
Sous
100%
de
100%
de
100%
le
100%
de
100%
(sous
100%
de
100%
sous
100%
le
100%
Sous
100%
dans
98%
En
98%
à
98%
a
98%
dans
98%
a
98%
a
98%
à
98%
a
98%
en
98%
en
98%
À
98%
a
98%
en
98%
en
98%
à
98%
a
98%
En
98%
danse,
97%
danse,
97%
viens
97%
viens
97%
danse,
97%
viens
97%
Viens
97%
danse
97%
viens
97%
tropiques
97%
la
97%
viens
97%
des
97%
les
97%
viens
97%
viens
97%
la
97%
les
97%
la
97%
la
97%
viens
97%
viens
97%
Viens
97%
sunlight
97%
viens
97%
danse
97%
danse,
97%
la
97%
viens
97%
la
97%
viens
97%
la
97%
viens
97%
viens
97%
danse,
97%
danse,
97%
la
97%
viens
97%
la
97%
danse
97%
des
97%
danse,
97%
viens
97%
sunlight
97%
des
97%
tropiques
97%
viens
97%
tropiques)
97%
la
97%
viens
97%
les
97%
des
97%
tropiques)
97%
"viens
97%
danser
95%
danser
95%
danser
95%
danser
95%
danser
95%
danser
95%
danser
95%
danser,
95%
danser"
95%
danser
95%
danser
95%
danser)
95%
danser,
95%
danser
95%
danser
95%
danser,
95%
danser
95%
danser,
95%
danser
95%
danser,
95%
sunlights
91%
sunlights
91%
se
89%
sol
89%
fa
89%
musique
89%
musique)
89%
se
89%
se
89%
musique)
89%
Fa
89%
du
89%
du
89%
se
89%
musique
89%
et
88%
Un
88%
un
88%
un
88%
et
88%
tout
87%
tout
87%
te
86%
raconte
84%
raconte
84%
raconte
84%
raconte
84%
sur
83%
sur
83%
Que
83%
soleil
83%
L'amour
82%
L'amour
82%
(L'amour
82%
cœur
82%
(L'amour
82%
J'ai
81%
peau
81%
peau
81%
J'ai
81%
J'ai
81%
J'ai
81%
s'aimer
80%
oiseau
80%
s'aimer
80%
Entre
80%
qui
80%
entre
80%
s'aimer)
80%
Qui
80%
On
79%
(On
79%
On
79%
tête
79%
main
78%
Brésil
78%
main
78%
pour
78%
pour
78%
pour
78%
main,
78%
main,
78%
main
78%
qu'à
77%
do,
77%
qu'à
77%
attendant
77%
Manille
77%
attendant
77%
qu'à
77%
l'équateur
76%
(Y
75%
Y
75%
Y
75%
magique)
74%
c'est
74%
toute
74%
nuit
74%
toute
74%
nuit
74%
magique
74%
magique
74%
toute
74%
nuit
74%
quelque
73%
chose
73%
Ça
73%
rien
73%
rien
73%
(Ça
73%
quelque
73%
chose
73%
me
73%
rien
73%
Ça
73%
Cuba
73%
me
73%
quelque
73%
chose
73%
faire
72%
faire
72%
mi
72%
faire
72%
ta
72%
fait
70%
dit
70%
fait
70%
pacifique
69%
Tu
69%
pacifique
69%
Pacifique)
69%
prends-moi
68%
(Prends-moi
68%
Prends-moi
68%
l'océan
68%
Prends-moi
68%
Prends-moi
68%
haut
68%
l'océan
68%
l'océan
68%
au
67%
rêver
66%
rêver)
66%
rêver
66%
facile
66%
oh,
63%
oh,
63%
Oh,
63%
oh
63%
ciel
63%
bord
62%
l'eau
62%
l'heure
62%
d'été
61%
Vivre,
60%
Vivre
60%
plus
60%
bongo
58%
belle
57%
est
56%
est
56%
jamais
55%
J'aime
54%
(J'aime
54%
J'aime
54%
beau
51%
dessiné
51%
cette
49%
n'seras
49%
t'appelle
48%
vagues
47%
palmier
43%
m'fait
42%
chanson
42%
bien,
38%
qu'on
31%
Qu'est-ce
29%
Ooh,
11%

Distribution des résultats

Percentile by Number Answered

% des personnes avec chaque résultat

Votre développement - résultats

Vous n’avez pas pris ce quiz depuis la dernière actualisation